Oliver; (Record no. 4581)
[ view plain ]
| 000 -LEADER | |
|---|---|
| fixed length control field | 00945cam a22003131 4500 |
| 001 - CONTROL NUMBER | |
| control field | 4581 |
| 003 - CONTROL NUMBER IDENTIFIER | |
| control field | FISKH |
| 005 - DATE AND TIME OF LATEST TRANSACTION | |
| control field | 20250331074946.0 |
| 008 - FIXED-LENGTH DATA ELEMENTS--GENERAL INFORMATION | |
| fixed length control field | 780328s1960 nyua j 000 1 eng |
| 010 ## - LIBRARY OF CONGRESS CONTROL NUMBER | |
| LC control number | 60005779 |
| 040 ## - CATALOGING SOURCE | |
| Original cataloging agency | DLC |
| Transcribing agency | DLC |
| Modifying agency | DLC |
| Language of cataloging | eng |
| 050 ## - LIBRARY OF CONGRESS CALL NUMBER | |
| Classification number | PZ7.H672 |
| 082 ## - DEWEY DECIMAL CLASSIFICATION NUMBER | |
| Classification number | 813.54 |
| 100 1# - MAIN ENTRY--PERSONAL NAME | |
| Personal name | Hoff, Syd, |
| Dates associated with a name | 1912-2004. |
| 245 10 - TITLE STATEMENT | |
| Title | Oliver; |
| Statement of responsibility, etc. | story and pictures by Syd Hoff. |
| 250 ## - EDITION STATEMENT | |
| Edition statement | This edition published in 1988 |
| 260 ## - PUBLICATION, DISTRIBUTION, ETC. | |
| Place of publication, distribution, etc. | New York : |
| Name of publisher, distributor, etc. | Harper, |
| Date of publication, distribution, etc. | 1960 |
| 300 ## - PHYSICAL DESCRIPTION | |
| Extent | 64 pages ; |
| Other physical details | color illustrations ; |
| Dimensions | 22 cm |
| 490 0# - SERIES STATEMENT | |
| Series statement | An I can read book |
| 505 ## - FORMATTED CONTENTS NOTE | |
| Formatted contents note | J<br/> |
| 520 ## - SUMMARY, ETC. | |
| Summary, etc. | Oliver looks elsewhere for employment after learning that the circus already has enough elephants. |
| 521 8# - TARGET AUDIENCE NOTE | |
| Target audience note | 450 <br/> |
| Source | Lexile <br/> |
| 521 8# - TARGET AUDIENCE NOTE | |
| Target audience note | J<br/><br/><br/> |
| Source | Raz-Plus<br/> |
| 650 #1 - SUBJECT ADDED ENTRY--TOPICAL TERM | |
| Topical term or geographic name entry element | Elephants |
| General subdivision | Fiction. |
| 650 #1 - SUBJECT ADDED ENTRY--TOPICAL TERM | |
| Topical term or geographic name entry element | Circus |
| General subdivision | Fiction. |
| 906 ## - LOCAL DATA ELEMENT F, LDF (RLIN) | |
| a | 7 |
| b | cbc |
| c | orignew |
| d | 1 |
| e | ocip |
| f | 19 |
| g | y-gencatlg |
| 942 ## - ADDED ENTRY ELEMENTS (KOHA) | |
| Source of classification or shelving scheme | Dewey Decimal Classification |
| Koha item type | Books |
| Suppress in OPAC | No |
| Withdrawn status | Lost status | Source of classification or shelving scheme | Damaged status | Not for loan | Collection | Home library | Current library | Shelving location | Date acquired | Total Checkouts | Full call number | Barcode | Date last seen | Date last checked out | Price effective from | Koha item type | Copy number |
|---|---|---|---|---|---|---|---|---|---|---|---|---|---|---|---|---|---|
| Dewey Decimal Classification | Juvenile Fiction | Footprints International School Library Network Toul Kork Campus | Footprints International School Library Network Toul Kork Campus | TK Primary Library Room(4th Floor), Bookcase 1&2, Shelves 1-16, Dark Blue Books | 09/17/2024 | 1 | HOF 813.54 PZ7.H672 | FISTK01138 | 06/09/2025 | 12/03/2024 | 09/17/2024 | Books | |||||
| Dewey Decimal Classification | Juvenile Fiction | Footprints International School Library Network Toul Tom Poung Campus | Footprints International School Library Network Toul Kork Campus | TTP Primary Dark Blue Bookshelves | 03/31/2025 | 1 | HOF 813.54 PZ7.H672 | 2025-0886 | 01/26/2026 | 01/19/2026 | 03/31/2025 | Books | 2 |
